| 000 | 00752nam a22002057a 4500 | ||
|---|---|---|---|
| 999 |
_c533012 _d533012 |
||
| 003 | NUST | ||
| 005 | 20191210115119.0 | ||
| 008 | 191210b ||||| |||| 00| 0 eng d | ||
| 038 | _aIESE | ||
| 082 |
_a363.7 _bYAS |
||
| 100 |
_aYasmeen,Farhat _926665 |
||
| 245 |
_aRole of different doses of fertilizers for antibiotic toxicity alleviation in rice crop _cFarhat Yasmeen |
||
| 260 |
_aIslamabad _bIESE (SCEE) NUST _c2019 |
||
| 300 |
_a57p. _bH.B |
||
| 440 |
_aMS Environmental Science _91724 |
||
| 500 | _aThesis MS ES | ||
| 650 |
_aEnvironmental Science _91725 |
||
| 700 | _4Dr. Muhammad Arshad (Supervisor) | ||
| 942 |
_2ddc _cTHE _kIESE |
||